| 000 | 00523nam a2200157Ia 4500 | ||
|---|---|---|---|
| 008 | 210716s2006 xx 000 0 und d | ||
| 020 | _a0070606307 | ||
| 041 | _aeng | ||
| 082 | _a658.406 PALI | ||
| 100 | _aPalmer, Ian;Dunford, RIchard;Akin, Gib. | ||
| 245 |
_aManaging organizational change: a multiple perspective approach. _bMultiple perspective approach. |
||
| 250 | _a1 | ||
| 260 |
_aNew Delhi _bTata McGraw Hill Publishing Company Ltd _c2006 |
||
| 300 | _axiii,367 | ||
| 650 | _aOrganizational Development & Change | ||
| 999 |
_c203344 _d203344 |
||